|
|
|
|
| LEADER |
00000cam a2200000 4500 |
| 001 |
vtls012274215 |
| 003 |
SK-MaSNL |
| 005 |
20260426010835.0 |
| 008 |
250328s2025 xo a f nu 000 0 slo |
| 015 |
|
|
|a SNBN2025
|
| 020 |
|
|
|q (brožované)
|
| 040 |
|
|
|a SNK
|b slo
|c SNK
|e rda
|
| 041 |
0 |
|
|a slo
|
| 044 |
|
|
|a xo
|c SK
|
| 046 |
|
|
|a s
|m 20250301 (účinná)
|
| 072 |
|
7 |
|a 665
|x Oleje. Tuky. Vosky. Spojivá. Živice
|2 konspekt
|
| 072 |
|
7 |
|a 006
|x Metrológia. Štandardizácia
|2 konspekt
|
| 080 |
|
|
|a 006.7/.8
|2 2001
|
| 080 |
|
|
|a (437.6)
|2 2001
|
| 080 |
|
|
|a (4-6EU)
|2 2001
|
| 080 |
|
|
|a (083)
|2 2011
|
| 080 |
|
|
|a 665.6/.7
|2 2011
|
| 080 |
|
|
|a 665.61
|2 2011
|
| 084 |
|
|
|a 75.080
|2 ICS
|
| 084 |
|
|
|a 75.160.20
|2 ICS
|
| 245 |
0 |
0 |
|a STN 65 6691: 2025, Ropné výrobky. Vykurovacie oleje na báze odpadových olejov. Požiadavky a skúšobné metódy
|
| 246 |
3 |
0 |
|a Ropné výrobky
|
| 246 |
3 |
0 |
|a Vykurovacie oleje na báze odpadových olejov
|
| 246 |
3 |
0 |
|a Požiadavky a skúšobné metódy
|
| 264 |
|
1 |
|a Bratislava
|b Úrad pre normalizáciu, metrológiu a skúšobníctvo Slovenskej republiky
|c 2025
|
| 300 |
|
|
|a 8 strán
|b tabuľka
|c 30 cm
|
| 336 |
|
|
|a text
|b txt
|2 rdacontent
|
| 337 |
|
|
|a bez média
|b n
|2 rdamedia
|
| 338 |
|
|
|a zväzok
|b nc
|2 rdacarrier
|
| 500 |
|
|
|a Spracovateľ: VÚRUP, a.s., Bratislava, Iveta Chovancová
|
| 500 |
|
|
|a Táto slovenská technická norma nahrádza STN 65 6691 z júna 2007 v celom rozsahu
|
| 504 |
|
|
|a Súvisiace právne predpisy na strane 3 a bibliografia na strane 8
|
| 540 |
|
|
|a STN vydané na akomkoľvek nosiči sa môžu rozmnožovať a rozširovať iba so súhlasom určenej právnickej osoby
|b SÚTN Bratislava
|c zákon 60/2018 Z. z.
|
| 546 |
|
|
|a Súbežný názov v angličtine, francúzštine, nemčine
|
| 650 |
0 |
7 |
|a ropný priemysel
|2 SNKPH
|9 67086
|
| 650 |
0 |
7 |
|a ropné výrobky
|2 SNKPH
|9 166802
|
| 650 |
0 |
7 |
|a Petroleum industry
|2 SNKPHeng
|9 320275
|
| 650 |
0 |
7 |
|a technické normy a štandardy
|2 SNKPH
|9 69944
|
| 650 |
0 |
7 |
|a Technical standards
|2 SNKPHeng
|9 291771
|
| 650 |
0 |
7 |
|a ropa
|2 SNKPH
|9 14547
|
| 650 |
0 |
7 |
|a Petroleum
|2 SNKPHeng
|9 329929
|
| 651 |
|
7 |
|a Slovensko
|2 SNKPHgeo
|9 14231
|
| 651 |
|
7 |
|a Slovakia
|2 SNKPHeng
|9 92630
|
| 655 |
|
7 |
|a normy
|2 SNKPH
|9 70643
|
| 655 |
|
7 |
|a Standards
|2 SNKPHeng
|9 287969
|
| 700 |
1 |
|
|a Chovancová, Iveta
|4 aut
|9 322545
|
| 710 |
1 |
|
|a Slovensko.
|b Úrad pre normalizáciu, metrológiu a skúšobníctvo
|4 stn
|9 158117
|
| 710 |
2 |
|
|a Slovenský ústav technickej normalizácie (Bratislava, Slovensko).
|b Technická komisia č. 50 Ropa, plynné a kvapalné palivá, ostatné výrobky z ropy a palivá z obnoviteľných zdrojov
|4 stn
|9 313604
|
| 710 |
2 |
|
|a VÚRUP (Bratislava, Slovensko)
|4 stn
|9 352223
|
| 958 |
|
|
|a NB
|
| 999 |
|
|
|c 1045856
|d 1047786
|
| 952 |
|
|
|a SNK
|b SNK
|y NEVYP
|7 1
|p 17A1554312
|o snkSTN 65 6691
|i snk2025/7108
|8 0
|0 0
|1 0
|4 0
|d 2025-04-28
|l 0
|r 2026-02-24 14:38:42
|w 2026-02-24
|